Don Ricardo Palma : (Record no. 17741)

000 -CABECERA
fixed length control field 00828nam a22002177a 4500
003 - IDENTIFICADOR DEL NÚMERO DE CONTROL
control field AR-CdUCM
008 - DATOS DE LONGITUD FIJA--INFORMACIÓN GENERAL
fixed length control field 190509b ||||| |||| 00| 0 spa d
040 ## - FUENTE DE LA CATALOGACIÓN
Agencia/entidad que catalogó originalmente la obra MUNICIPALIDAD PROVINCIAL DEL CUSCO
Entidad que transcribió la catalogación BIBLIOTECA MUNICIPAL DEL CUSCO
082 ## - NÚMERO DE LA CLASIFICACIÓN DECIMAL DEWEY
No. de Clasificación 869.558 /
Notacion interna M64
100 ## - ENTRADA PRINCIPAL--NOMBRE DE PERSONA
Nombre Personal Miró, César
245 ## - MENCIÓN DE TÍTULO
Título Don Ricardo Palma :
Resto del título el patriarca de las tradiciones /
260 ## - PUBLICACIÓN, DISTRIBUCIÓN, ETC.
Lugar de publicación, distribución, etc. Buenos Aires :
Nombre de la editorial, distribuidor, etc. Losada,
Fecha de publicación, distribución, etc. 1953.
300 ## - DESCRIPCIÓN FÍSICA
Nº de Páginas Extensión 206 páginas ;
Otros detalles físicos lámina,
Dimensiones 23.5 cm.
440 ## - MENCIÓN DE SERIE/PUNTO DE ACCESO ADICIONAL--TÍTULO
Título Biografías Históricas y Novelescas.
9 (RLIN) 37897
505 ## - NOTA DE CONTENIDO CON FORMATO
Nota de contenido formateada Contenido: Esta ciudad romántica -- La adolescencia -- La bohemia de su tiempo -- El desterrado -- Una predicción que se cumple -- El parlamentario ...
650 ## - PUNTO DE ACCESO ADICIONAL DE MATERIA--TÉRMINO DE MATERIA
Descriptor Literatos
9 (RLIN) 754
650 ## - PUNTO DE ACCESO ADICIONAL DE MATERIA--TÉRMINO DE MATERIA
Descriptor Perú
9 (RLIN) 35
650 ## - PUNTO DE ACCESO ADICIONAL DE MATERIA--TÉRMINO DE MATERIA
Descriptor Biografía
9 (RLIN) 22
942 ## - ELEMENTOS DE PUNTO DE ACCESO ADICIONAL (KOHA)
Fuente de clasificación
Tipo de item Libros-BMC
945 ## - PROCESAMIENTO DE INFORMACIÓN LOCAL (OCLC)
Catalogador achl
AAAA-MM-DD - Fecha de ingreso o modificacion 2019-05-09
Holdings
Estado de retiro (separado) Fuente de clasificación o esquema de estanterías Estado dañado Ubicación Sala donde se ubica Nombre de la colección Fecha de adquisición o compra Costo, precio normal en soles Signatura topográfica Código de Barras Última vez visto (Koha) Tipo de ítem (Koha) Número de Ejemplar
No     Sala Humanidades Sala Humanidades Book Cart 2019-05-09 40.00 869.558 / M64 SH0000012860 2019-05-09 Libros-BMC  
No     Sala Humanidades Sala Humanidades Book Cart 2019-05-25 40.00 869.558 / M64 / e.2 SH0000015307 2019-05-25 Libros-BMC e.2

Powered by Koha